000 00360nam a22001217a 4500
082 _a200 THE
100 _aNOREEN MARYAM
_970317
245 _aTH-SOF-1442-Business Process Re-engineering for Smart Manufacturing
260 _aIslamabad
_bNUST College of EME
_c2017
650 _aMS-CSE-15 MSTHESIS
_969366
700 _aDR SHOAB AHMED KHAN
_916053
942 _cCF
999 _c577308
_d577308